| 000 | 01375nam a22002895a 4500 | ||
|---|---|---|---|
| 008 | 090525t2008 xxua|||fr|||| 001 0 eng d | ||
| 010 | _a 2006049816 | ||
| 020 | _a0132051362 | ||
| 020 | _a9780132051361 | ||
| 040 |
_aEG-ScBuE _beng _cEG-ScBuE |
||
| 082 | 0 | 4 |
_a363.7 _bWRI _222 |
| 100 | 1 |
_aWright, Richard T., _95111 |
|
| 245 | 1 | 0 |
_aEnvironmental science : _bToward a sustainable future / _cRichard T. Wright. |
| 246 | 3 | 0 | _aToward a sustainable future |
| 250 | _a10th ed. ,Pearson International Edition. | ||
| 260 |
_aUpper Saddle River : _bPearson/Prentice Hall, _cc.2008. |
||
| 300 |
_axxii, 682p. : _b ill. (some col.), _c28 cm |
||
| 500 | _aGlossary : p.643-665. | ||
| 500 | _aIndex : p.667-682. | ||
| 504 | _aIncludes bibliographical references and index. | ||
| 538 | _aSystem requirements for accompanying CD-ROM: PC.Windows 98/Me/2000/NT/XP; Pentium II 233 MHz processor; 64 MB RAM; 800 x 600 pixel screen resolution or higher; color monitor running "Thousands of Colors" or higher; audio-capable system is recommended; 4x CD-ROM drive; speakers; netscape(TM) 6 or 7; Internet Explorer(TM) 5.5 or 6; Adobe Acrobat Reader 5.0 or higher; Internet connection; printer. | ||
| 590 | _ayassmeen ashraf | ||
| 650 | 0 |
_aEnvironmental sciences _95112 _2BUEsh |
|
| 651 | _2BUEsh | ||
| 653 |
_bNNUR _bPPhrm _bDDent _cAugust2015 |
||
| 942 |
_cBB _k363.7 WRI _2ddc |
||
| 999 |
_c11614 _d11614 |
||